Countries Mentioned in Kanye West Songs - Statistics

General Stats
  • This quiz has been taken 51 times
  • The average score is 12 of 30
Answer Stats
# of Mentions Country % Correct
13 United States
100%
4 France
84%
3 Mexico
82%
2 Brazil
79%
1 China
76%
4 Spain
76%
1 Japan
71%
1 Russia
68%
2 Italy
63%
4 Jamaica
47%
5 Cuba
45%
1 Israel
45%
1 Dominican Republic
42%
3 Saudi Arabia
42%
2 Sierra Leone
42%
1 Haiti
34%
1 Iraq
34%
1 Switzerland
32%
2 Ukraine
29%
1 North Korea
24%
1 Vietnam
24%
1 Belize
16%
2 Ghana
16%
1 Mongolia
16%
1 Vatican City
16%
1 Rwanda
11%
1 Sri Lanka
11%
1 Mali
8%
1 Zambia
8%
1 Seychelles
5%
No matching quizzes found
Score Distribution
Percent of People with Each Score
Percentile by Number Answered
Your Score History
You have not taken this quiz